| 000 | 01288nam a2200337 c 4500 | ||
|---|---|---|---|
| 003 | BLK | ||
| 005 | 20250801173753.0 | ||
| 008 | 180408b bul|||||r ||||||| ||bul|| | ||
| 010 | _aKNG00077967000 | ||
| 020 |
_a954-527-324-0 _bиздат.: Дамян Яков |
||
| 040 | _aBLK | ||
| 041 |
_aBUL _cBUL |
||
| 080 |
_aБългарска литература _b821.163.2 _x-32 _z821.163.2-32 |
||
| 100 |
_aЕлин Пелин _qСтоянов, Димитър Иванов _9363511 |
||
| 700 | 1 |
_aДимитрова, Елка _eпредг. от _9365817 |
|
| 139 |
_aЕлин Пелин _bЕ 53 |
||
| 245 | 1 | 0 |
_aРазкази _cЕлин Пелин; предг. от Елка Димитрова. |
| 257 | _aBGR | ||
| 260 |
_аСофия _bДамян Яков _c2006 _fСофия : Симолини 94 |
||
| 300 |
_a264 с. _c20 см |
||
| 380 | _aX | ||
| 490 | 1 | _aУчилищна библиотека | |
| 500 | _aЕлин Пелин - псевд. на Димитър Иванов Стоянов. - Офс. изд. | ||
| 653 | _aразкази | ||
| 852 | _aЦб 235827 | ||
| 856 | 4 |
_qpdf _u |
|
| 856 | 4 |
_qpdf _u |
|
| 942 |
_cKNG _n0 _0257 |
||
| 944 |
_aCR _c30.08.2007 _lГрета Цуфелде _k30537 |
||
| 944 |
_aED _c28.11.2014 _lф / _kПенка_Димитрова |
||
| 999 |
_c73572 _d73572 |
||